Statistics for Fill in the lyrics to a random Taylor Swift song #4

Click here to take the quiz!

General Stats

  • This quiz has been taken 33 times
  • The average score is 109 of 200

Answer Stats

Answer% Correct
a
93%
I
93%
you
93%
You
93%
me
90%
the
90%
The
90%
love
83%
And
80%
and
80%
be
77%
in
77%
it
77%
is
73%
to
73%
your
73%
do
70%
go
70%
my
70%
at
67%
No
67%
of
67%
on
67%
with
63%
don't
60%
if
60%
say
60%
see
60%
too
60%
All
57%
But
57%
oh
57%
want
57%
what
57%
from
53%
Get
53%
I'm
53%
they
53%
this
53%
Meet
50%
ever
50%
feel
50%
just
50%
off
50%
read
50%
that
50%
That
50%
chest
47%
midnight
47%
much
47%
or
47%
stay
47%
up
47%
been
43%
give
43%
I've
43%
need
43%
girl
40%
wanna
40%
ceiling
37%
even
37%
gonna
37%
haze
37%
into
37%
lavender
37%
only
37%
people
37%
Starin'
37%
under
37%
yeah
37%
creepin'
33%
damn
33%
new
33%
really
33%
Talk
33%
talk
33%
viral
33%
wife
33%
1950's
30%
damned
30%
deal
30%
desk
30%
find
30%
keep
30%
kind
30%
shit
30%
spiral
30%
beautifully
27%
bride
27%
handle
27%
one-night
27%
scrutiny
27%
Surreal
27%
They're
27%
asking
23%
listening
23%
melancholia
23%
weren't
23%
bringin'
20%
dizzying
20%
history
20%

Score Distribution

Percentile by Number Answered

Percent of People with Each Score

Your Score History

You have not taken this quiz